Normal view
MARC view
Entry Topical Term
001 - CONTROL NUMBER
- control field: 14228
003 - CONTROL NUMBER IDENTIFIER
- control field: dpl
005 - DATE AND TIME OF LATEST TRANSACTION
- control field: 20100817111055.0
008 - FIXED-LENGTH DATA ELEMENTS
- fixed length control field: 100817|||a|||||| | ||| d
040 ## - CATALOGING SOURCE
- Original cataloging agency: dpl
- Transcribing agency: dpl
150 ## - HEADING--TOPICAL TERM
- Topical term or geographic name as entry element: Personal Management
670 ## - SOURCE DATA FOUND
- Source citation: Work cat.: (dpl)41903: Vijaya Banu, P. 14227, Personnel management & human resources /, 2006
670 ## - SOURCE DATA FOUND
- Source citation: Work cat.: (dpl)41903: Vijaya Banu, P. 14227, Personnel management & human resources /, 2006
